| 000 | 00835cam a2200253 4500 | ||
|---|---|---|---|
| 001 | agr68000301 | ||
| 003 | DLC | ||
| 005 | 20260227111031.0 | ||
| 008 | 710119s1968 dcuac b 000 0 eng c | ||
| 010 | _aagr68000301 | ||
| 040 |
_aU.S. Nat'l Agr. Libr. _cDLC _dOCoLC _dDLC |
||
| 050 | 0 | 0 |
_aS21 _b.A35 1968 |
| 070 | 0 | _a1Ag84Y 1968 | |
| 082 | 0 | 0 | _a630/.72/073 |
| 110 | 1 |
_aUnited States. _bDepartment of Agriculture. |
|
| 245 | 1 | 0 | _aScience for better living. |
| 260 |
_a[Washington, _bFor sale by the Supt. of Docs., U.S. Govt. Print. Off., _c1968] |
||
| 300 |
_axlvi, 386 p. _billus. (part col.) ports. _c24 cm. |
||
| 350 | _a3.00 | ||
| 490 | 1 |
_aIts Yearbook of agriculture, _v1968 |
|
| 504 | _aIncludes bibliographies. | ||
| 650 | 0 |
_aAgriculture _xResearch. |
|
| 830 | 0 |
_aYearbook of agriculture (Washington, D.C. : 1926) ; _v1968. |
|
| 999 |
_c12586 _d12586 |
||